[Event "SLO-chT2 East"]
[Site "Slovenia"]
[Date "2018.11.13"]
[Round "6"]
[White "Strtak, Marjan"]
[Black "Glavac, Igor"]
[Result "1-0"]
[WhiteElo "1810"]
[BlackElo "1918"]
[PlyCount "77"]
[EventDate "2018.09.15"]
[EventType "team-tourn"]
[EventRounds "9"]
[EventCountry "SLO"]
[SourceTitle "EXT 2021"]
[Source "ChessBase"]
[SourceDate "2020.10.23"]
[SourceVersion "1"]
[SourceVersionDate "2020.10.23"]
[SourceQuality "1"]
[WhiteTeam "Ljutomer Radenska"]
[BlackTeam "Sevnica Majcen"]
[WhiteTeamCountry "SLO"]
[BlackTeamCountry "SLO"]

1. d4 Nf6 2. Nf3 g6 3. g3 Bg7 4. Bg2 0-0 5. 0-0 d6 6. c4 c5 7. Nc3 Nc6 8. dxc5 dxc5 9. Be3 Ng4 10. Qxd8 Rxd8 11. Bxc5 Be6 12. h3 Nh6 13. Rfd1 Bxc4 14. e4 b6 15. Be3 Kf8 16. Rac1 Rac8 17. b3 Ba6 18. Rxd8+ Nxd8 19. Nd5 Rxc1+ 20. Bxc1 e6 21. Ba3+ Kg8 22. Nc7 Be2 23. Nd2 Be5 24. Ne8 Bd3 25. Bf1 Bc2 26. Be7 Bc3 27. Bg5 Bxd2 28. Bxd2 Kf8 29. Bb5 Ng8 30. Bb4+ Ne7 31. Nf6 Nb7 32. Nd7+ Kg7 33. Bxe7 Bxe4 34. b4 Bd5 35. a3 f5 36. Ne5 Bb3 37. h4 a5 38. Kf1 axb4 39. axb4 1-0

[Event "SLO-chT2 East"]
[Site "Slovenia"]
[Date "2017.10.21"]
[Round "4"]
[White "Strtak, Marjan"]
[Black "Kovac, Mihec"]
[Result "1-0"]
[WhiteElo "2144"]
[BlackElo "1768"]
[PlyCount "33"]
[EventDate "2017.09.30"]
[EventType "team-tourn"]
[EventRounds "9"]
[EventCountry "SLO"]
[SourceTitle "EXT 2019"]
[Source "ChessBase"]
[SourceDate "2018.10.10"]
[SourceVersion "1"]
[SourceVersionDate "2018.10.10"]
[SourceQuality "1"]

1. d4 Nf6 2. Nf3 d5 3. Bg5 e6 4. e3 Be7 5. Bd3 h6 6. Bf4 Bd6 7. Bxd6 Qxd6 8. 0-0 a6 9. Nbd2 c5 10. dxc5 Qxc5 11. c4 Nc6 12. Rc1 dxc4 13. Nxc4 Bd7 14. a3 b5 15. Nce5 Qd6 16. Nxc6 Bxc6 17. Bxb5 1-0